00798nam a2200241 a 450000100060000000300080000600500170001400800410003102000150007203500190008704000270010604100080013308200240014110000320016524500780019726000420027530000350031749000500035250400360040265000220043870000460046083000500050669522BD-RjUL20211209081910.0170412s1971 nyua b 001 0 eng d a0471129801 a(BD-RjUL)69734 aDLCcDLCdBD-RjULbeng aeng00a541.7223bCAT 19711 aCaldwell, Dennis J.,d1935-14aThe theory of optical activity /cby Dennis J. Caldwell and Henry Eyring. aNew York :bWiley-Interscience,c1971 aviii, 244 p. :bill. ;c24 cm.0 aInterscience monographs on physical chemistry aIncludes bibliography and index 0aOptical rotation.1 aEyring, Henry,d1901-1981,ejoint author. aInterscience monographs on physical chemistry